000 00468ntaaa2200181 4500
003 01
005 20251027202817.0
008 0714s1973 ag 01
040 _aAR-BaBN
_bspa
_cAR-BaBN
_eaacr
_dRIC
082 _a910.0100 F15
100 _aFairchild, Johnson E
_928483
245 _aPrinciples of geography
250 _a1 ed.
260 _aNew York :
_bHolt, Rinehart and Winston Inc.,
_cc1964
300 _ax, 222 p ;
_cmapas
650 _ageografĂ­a
942 _cBK
999 _c23451
_d23451